000 00903nam a2200205Ia 4500
003 IN-BaIIA
008 211028s9999 xx 000 0 eng d
040 _cIIA Library
080 _a524.7(082.1)
_bEXT
111 _aWinter School on Extragalactic Energetic Sources
_cindia
_d1983 Jan. 10-21
_914440
245 0 _aExtragalactic energetic sources
_bproceedings of the winter school on extragalactic energetic sources, organized by Tata institute of Fundamental Research, January 10-21, 1983
_cedited by V. K. Kapahi
260 _aBangalore
_bIndian Academy of Sciences
_c1985
300 _a[various pagings.]
650 _aAstronomy and Astrophysics thesaurus
650 _aExtragalactic objects
_93898
650 _aGalaxies
_91286
700 _aKapahi, V. K., ed.
_914441
710 _aTata Institute of Fundamental Research , Bangalore
_914442
942 _cBK
999 _c8607
_d8607